书目信息 |
| 题名: |
中小型企业网组建与维护就业技能培训教程
|
|
| 作者: | 沈大林 主编 | |
| 分册: | ||
| 出版信息: | 北京 中国铁道出版社 2007.04 |
|
| 页数: | 338页 | |
| 开本: | 26cm | |
| 丛书名: | ||
| 单 册: | ||
| 中图分类: | TP393.18-43 | |
| 科图分类: | ||
| 主题词: | 计算机应用 | |
| 电子资源: | ||
| ISBN: | 978-7-113-07590-3 | |
| 000 | 00666nam0 2200193 450 | |
| 001 | 0959757007 | |
| 005 | 20091214100038.59 | |
| 010 | @a978-7-113-07590-3@dCNY36.00 | |
| 100 | @a20091210d2007 km y0chiy0120 ea | |
| 101 | 0 | @achi |
| 102 | @aCN@b110000 | |
| 200 | 1 | @a中小型企业网组建与维护就业技能培训教程@Azhong xiao xing qi ye wang zu jian yu wei hu jiu ye ji neng pei xun jiao cheng@f沈大林主编@Fshen da lin zhu bian |
| 210 | @a北京@c中国铁道出版社@d2007.04 | |
| 215 | @a338页@d26cm@e光盘1张 | |
| 606 | 0 | @a计算机应用 |
| 690 | @aTP393.18-43@v4 | |
| 701 | 0 | @a沈大林@Ashen da lin@4主编 |
| 801 | 0 | @aCN@b山东省滨州职业学院图书馆@c20091214 |
| 905 | @aBZT@dTP393.18-43@e1 | |
| 中小型企业网组建与维护就业技能培训教程/沈大林主编.-北京:中国铁道出版社,2007.04 |
| 338页;26cm+光盘1张 |
| ISBN 978-7-113-07590-3:CNY36.00 |
| ● |
| 相关链接 |
|
|
|
正题名:中小型企业网组建与维护就业技能培训教程
索取号:TP393.18-43/1
 
预约/预借
| 序号 | 登录号 | 条形码 | 馆藏地/架位号 | 状态 | 备注 |
| 1 | 725890 | 2000725890 | 样本书库/样004架B面2层1列/ [索取号:TP393.18-43/1] | 在馆 | |
| 2 | 725891 | 2000725891 | 中心书库中库/ 中库026架A面2列7层17/ [索取号:TP393.18-43/1] | 在馆 | |
| 3 | 725892 | 2000725892 | 中心书库中库/ 中库026架A面2列7层16/ [索取号:TP393.18-43/1] | 在馆 | |
| 4 | 725893 | 2000725893 | 中心书库中库/ 中库026架A面2列7层14/ [索取号:TP393.18-43/1] | 在馆 | |
| 5 | 725894 | 2000725894 | 中心书库中库/ 中库026架B面6列2层36/ [索取号:TP393.18-43/1] | 在馆 | |
| 6 | 725895 | 2000725895 | 中心书库中库/ 中库026架A面2列7层15/ [索取号:TP393.18-43/1] | 在馆 |